[Event "Mitropa Cup 23th"]
[Site "Zemplinska Sirava"]
[Date "2004.06.02"]
[Round "5.1"]
[White "Mikhalchishin, Adrian"]
[Black "Babula, Vlastimil"]
[Result "1/2-1/2"]
[WhiteElo "2527"]
[BlackElo "2584"]
[PlyCount "65"]
[EventDate "2004.05.29"]
[EventType "team-tourn"]
[EventRounds "9"]
[EventCountry "SVK"]
[Source "ChessBase"]
[SourceDate "2004.07.06"]
[WhiteTeam "Slovenia"]
[BlackTeam "Czech Republic"]
[WhiteTeamCountry "SLO"]
[BlackTeamCountry "CZE"]

1. Nf3 Nf6 2. c4 b6 3. Nc3 Bb7 4. d4 e6 5. a3 d5 6. Bg5 Be7 7. Bxf6 Bxf6 8.
cxd5 exd5 9. g3 O-O 10. Bg2 c5 11. O-O Na6 12. e3 Qe7 13. Qa4 Rfd8 14. Rfd1 Nc7
15. dxc5 bxc5 16. Ne1 Rab8 17. Nd3 d4 18. exd4 Bxg2 19. Kxg2 Bxd4 20. Rac1 Ne6
21. Qc6 Bxc3 22. bxc3 g6 23. Ne5 Qf6 24. Qe4 Ng5 25. Qe3 Re8 26. Rd5 Qc6 27.
Rcd1 f6 28. Qf4 Rb2 29. Ng4 Ne6 30. Nh6+ Kh8 31. Nf7+ Kg8 32. Nh6+ Kh8 33. Nf7+
1/2-1/2

[Event "Mitropa Cup 23th"]
[Site "Zemplinska Sirava"]
[Date "2004.06.02"]
[Round "5.2"]
[White "Laznicka, Viktor"]
[Black "Borisek, Jure"]
[Result "0-1"]
[WhiteElo "2450"]
[BlackElo "2464"]
[PlyCount "104"]
[EventDate "2004.05.29"]
[EventType "team-tourn"]
[EventRounds "9"]
[EventCountry "SVK"]
[Source "ChessBase"]
[SourceDate "2004.07.06"]
[WhiteTeam "Czech Republic"]
[BlackTeam "Slovenia"]
[WhiteTeamCountry "CZE"]
[BlackTeamCountry "SLO"]

1. e4 e5 2. Nf3 Nc6 3. Bb5 a6 4. Ba4 Nf6 5. O-O Be7 6. Re1 b5 7. Bb3 d6 8. c3
O-O 9. h3 Nb8 10. d4 Nbd7 11. Nbd2 Bb7 12. Bc2 Re8 13. Nf1 Bf8 14. Ng3 g6 15.
a4 c5 16. d5 c4 17. Bg5 h6 18. Be3 Nc5 19. Qd2 h5 20. Bg5 Be7 21. Ra3 Rb8 22.
Rea1 Bc8 23. axb5 axb5 24. Qe3 Nh7 25. Bh6 Bd7 26. Nf1 Qc7 27. N1d2 Rec8 28.
Qe1 Qd8 29. Be3 Be8 30. Qb1 Nf6 31. Kh2 Nfd7 32. Qf1 Ra8 33. Qb1 Kg7 34. R1a2
Nb6 35. Kg1 Nba4 36. Qa1 Rab8 37. b4 cxb3 38. Nxb3 Nxc3 39. Nxc5 Nxa2 40. Rxa2
dxc5 41. Qxe5+ Kg8 42. Ra7 Bf8 43. Bg5 Qd6 44. Qa1 Bg7 45. Qa2 b4 46. Qc4 b3
47. Bxb3 Rb4 48. Qc2 Qb8 49. Ra3 c4 50. Ba2 Qe5 51. Ra7 Qa1+ 52. Kh2 Rb2 0-1

[Event "Mitropa Cup 23th"]
[Site "Zemplinska Sirava"]
[Date "2004.06.02"]
[Round "5.4"]
[White "Sikorova, Olga"]
[Black "Sakelsek, Tadej"]
[Result "1-0"]
[WhiteElo "2275"]
[BlackElo "2374"]
[PlyCount "121"]
[EventDate "2004.05.29"]
[EventType "team-tourn"]
[EventRounds "9"]
[EventCountry "SVK"]
[Source "ChessBase"]
[SourceDate "2004.07.06"]
[WhiteTeam "Czech Republic"]
[BlackTeam "Slovenia"]
[WhiteTeamCountry "CZE"]
[BlackTeamCountry "SLO"]

1. d4 Nf6 2. Nc3 d5 3. Bg5 Nbd7 4. Nf3 h6 5. Bh4 e6 6. e3 Be7 7. Bd3 O-O 8. O-O
c5 9. Ne5 Nxe5 10. dxe5 Nd7 11. Bxe7 Qxe7 12. f4 f6 13. Qh5 c4 14. Bg6 Nc5 15.
Nb5 Bd7 16. Nd6 Bc6 17. g4 Ne4 18. Bxe4 dxe4 19. c3 Rad8 20. g5 fxg5 21. fxg5
Qxg5+ 22. Qxg5 hxg5 23. Rxf8+ Kxf8 24. Rf1+ Kg8 25. Kg2 a5 26. Kg3 b5 27. a3 b4
28. axb4 axb4 29. cxb4 Rb8 30. Rc1 Bd5 31. b5 Kh7 32. Ra1 Rf8 33. Ra3 Rf1 34.
Rc3 Rg1+ 35. Kf2 Rh1 36. Kg3 Rg1+ 37. Kf2 Rh1 38. Kg2 Re1 39. Kf2 Rh1 40. Kg2
Rb1 41. Rc2 Re1 42. Kf2 Rh1 43. Kg2 Re1 44. Rd2 Kg6 45. b6 Rxe3 46. Rxd5 exd5
47. e6 Kf6 48. e7 Re2+ 49. Kf1 Kxe7 50. Nf5+ Kd7 51. Kxe2 Kc6 52. Ne7+ Kxb6 53.
Nxd5+ Kc5 54. Nc3 Kb4 55. Nxe4 Kb3 56. Nd2+ Kxb2 57. Nxc4+ Kc3 58. Ne3 Kd4 59.
Kf3 Ke5 60. Kg4 Kf6 61. Nf1 1-0

[Event "Mitropa Cup 23th"]
[Site "Zemplinska Sirava"]
[Date "2004.06.02"]
[Round "5.1"]
[White "Maze, Sebastien"]
[Black "Manik, Mikulas"]
[Result "1/2-1/2"]
[WhiteElo "2486"]
[BlackElo "2491"]
[PlyCount "50"]
[EventDate "2004.05.29"]
[EventType "team-tourn"]
[EventRounds "9"]
[EventCountry "SVK"]
[Source "ChessBase"]
[SourceDate "2004.07.06"]
[WhiteTeam "France"]
[BlackTeam "Slovakia"]
[WhiteTeamCountry "FRA"]
[BlackTeamCountry "SVK"]

1. e4 c5 2. Nf3 e6 3. c4 Nc6 4. Nc3 e5 5. a3 a5 6. d3 d6 7. Be2 Nf6 8. Bg5 Be7
9. Bxf6 Bxf6 10. O-O O-O 11. Ne1 b6 12. Nc2 Bg5 13. Ne3 Nd4 14. Bg4 Bxe3 15.
Bxc8 Bxf2+ 16. Rxf2 Rxc8 17. Qg4 Ra8 18. Raf1 f6 19. Nd5 Kh8 20. h4 Ra7 21. h5
h6 22. Qg6 Rb7 23. g4 Ne6 24. a4 Ng5 25. b3 Qe8 1/2-1/2

[Event "Mitropa Cup 23th"]
[Site "Zemplinska Sirava"]
[Date "2004.06.02"]
[Round "5.2"]
[White "Mrva, Martin"]
[Black "Guidarelli, Laurent"]
[Result "1-0"]
[WhiteElo "2471"]
[BlackElo "2444"]
[PlyCount "121"]
[EventDate "2004.05.29"]
[EventType "team-tourn"]
[EventRounds "9"]
[EventCountry "SVK"]
[Source "ChessBase"]
[SourceDate "2004.07.06"]
[WhiteTeam "Slovakia"]
[BlackTeam "France"]
[WhiteTeamCountry "SVK"]
[BlackTeamCountry "FRA"]

1. d4 d5 2. Nf3 Nf6 3. c4 c6 4. Nc3 a6 5. a4 e6 6. Bg5 a5 7. e4 dxe4 8. Nxe4
Bb4+ 9. Nc3 h6 10. Bxf6 Qxf6 11. Bd3 c5 12. O-O cxd4 13. Ne4 Qd8 14. c5 O-O 15.
Rc1 Nc6 16. Nd6 Bxc5 17. Nxf7 Qd5 18. Qc2 Bb4 19. Be4 d3 20. Bxd5 dxc2 21. Bxc6
bxc6 22. N7e5 Ba6 23. Rxc2 Bxf1 24. Kxf1 c5 25. Ke2 Rad8 26. Rc4 Rd5 27. Re4
Rfd8 28. Nc4 Rd1 29. Rxe6 Rc1 30. Re4 Rc2+ 31. Ke3 Rd1 32. Rf4 Rf1 33. Nfe5
Re1+ 34. Kf3 Rf1 35. Nd3 Be1 36. Ne3 Rfxf2+ 37. Nxf2 Rxf2+ 38. Ke4 Rxb2 39. Kd5
Bd2 40. Rf2 Bc1 41. Rxb2 Bxb2 42. Nc4 Bc3 43. Kxc5 Kf7 44. Kb5 Ke6 45. Nxa5 Kd5
46. Nc6 h5 47. Nb4+ Kd6 48. a5 Be1 49. a6 Kc7 50. Nd5+ Kb8 51. Nf4 h4 52. h3
Ka7 53. Ne6 Bc3 54. Nd8 Kb8 55. Ne6 Ka7 56. Nd8 Kb8 57. Nc6+ Kc7 58. Kc5 Bb2
59. Nd4 Ba3+ 60. Kb5 Bb2 61. Ne6+ 1-0

[Event "Mitropa Cup 23th"]
[Site "Zemplinska Sirava"]
[Date "2004.06.02"]
[Round "5.3"]
[White "Libiszewski, Fabien"]
[Black "Plachetka, Jan"]
[Result "1/2-1/2"]
[WhiteElo "2441"]
[BlackElo "2448"]
[PlyCount "96"]
[EventDate "2004.05.29"]
[EventType "team-tourn"]
[EventRounds "9"]
[EventCountry "SVK"]
[Source "ChessBase"]
[SourceDate "2004.07.06"]
[WhiteTeam "France"]
[BlackTeam "Slovakia"]
[WhiteTeamCountry "FRA"]
[BlackTeamCountry "SVK"]

1. e4 e5 2. Nf3 Nc6 3. Bb5 a6 4. Ba4 Nf6 5. O-O Be7 6. Re1 b5 7. Bb3 O-O 8. c3
d5 9. d4 Nxe4 10. dxe5 Be6 11. Nd4 Nxd4 12. cxd4 Bb4 13. Rf1 f5 14. f3 Ng5 15.
Bxg5 Qxg5 16. f4 Qe7 17. Qf3 Rfd8 18. Nc3 Qf7 19. Rac1 c5 20. a3 Bxc3 21. Rxc3
c4 22. Bc2 a5 23. Qf2 b4 24. axb4 axb4 25. Re3 Ra2 26. Bb1 Ra7 27. g4 g6 28.
gxf5 Bxf5 29. Bxf5 Qxf5 30. Rg3 Rf7 31. Qd2 Rdf8 32. Qxb4 Qe4 33. Rgf3 Qxd4+
34. R1f2 Rxf4 35. Qxf8+ Rxf8 36. Rxf8+ Kg7 37. Re8 Qg4+ 38. Kf1 Qd7 39. Rff8
Qh3+ 40. Kg1 Qg4+ 41. Kf1 Qe4 42. e6 Qb1+ 43. Kg2 Qxb2+ 44. Rf2 Qe5 45. Rf7+
Kh6 46. e7 Qe2+ 47. Kg3 Qe3+ 48. Kg2 Qe2+ 1/2-1/2

[Event "Mitropa Cup 23th"]
[Site "Zemplinska Sirava"]
[Date "2004.06.02"]
[Round "5.4"]
[White "Petrik, Tomas"]
[Black "Wirig, Anthony"]
[Result "0-1"]
[WhiteElo "2413"]
[BlackElo "2422"]
[PlyCount "114"]
[EventDate "2004.05.29"]
[EventType "team-tourn"]
[EventRounds "9"]
[EventCountry "SVK"]
[Source "ChessBase"]
[SourceDate "2004.07.06"]
[WhiteTeam "Slovakia"]
[BlackTeam "France"]
[WhiteTeamCountry "SVK"]
[BlackTeamCountry "FRA"]

1. e4 c5 2. Nf3 Nc6 3. d4 cxd4 4. Nxd4 g6 5. c4 Nf6 6. Nc3 d6 7. Be2 Nxd4 8.
Qxd4 Bg7 9. Be3 O-O 10. Qd2 Be6 11. Rc1 Qa5 12. f3 Rfc8 13. b3 a6 14. Na4 Qxd2+
15. Kxd2 Nd7 16. Rc2 f5 17. Bd3 Rf8 18. exf5 gxf5 19. Re1 Ne5 20. Nb6 Nxd3 21.
Kxd3 f4 22. Bf2 Bf5+ 23. Kd2 Rae8 24. Rcc1 e5 25. Re2 Bh6 26. Nd5 e4 27. Bd4
e3+ 28. Kc3 Re6 29. g4 Bg6 30. h4 Bg7 31. Bxg7 Kxg7 32. Rd1 Be8 33. Rd4 Ref6
34. Nxf6 Rxf6 35. g5 Rf7 36. Rxd6 Bc6 37. Rd5 Kg6 38. Kd4 Kh5 39. Rh2 Re7 40.
Kd3 Bxd5 41. cxd5 Re5 42. a4 Kg6 43. d6 Kf5 44. Rc2 Rd5+ 45. Ke2 Rxd6 46. Rc5+
Ke6 47. h5 Rd2+ 48. Ke1 Rh2 49. h6 b6 50. Rc7 Kf5 51. Rxh7 Kxg5 52. Rg7+ Kf5
53. h7 Ke5 54. Rd7 a5 55. Kf1 Ke6 56. Rd4 Ke5 57. Rd7 Rh4 0-1

[Event "Mitropa Cup 23th"]
[Site "Zemplinska Sirava"]
[Date "2004.06.02"]
[Round "5.2"]
[White "Braun, Arik"]
[Black "Landenbergue, Claude"]
[Result "1-0"]
[WhiteElo "2455"]
[BlackElo "2394"]
[PlyCount "61"]
[EventDate "2004.05.29"]
[EventType "team-tourn"]
[EventRounds "9"]
[EventCountry "SVK"]
[Source "ChessBase"]
[SourceDate "2004.07.06"]
[WhiteTeam "Germany"]
[BlackTeam "Switzerland"]
[WhiteTeamCountry "GER"]
[BlackTeamCountry "SUI"]

1. d4 Nf6 2. c4 e6 3. Nc3 Bb4 4. e3 b6 5. Nge2 Ba6 6. a3 Bxc3+ 7. Nxc3 d5 8. b3
O-O 9. Be2 Nc6 10. a4 dxc4 11. Ba3 Re8 12. b4 Bb7 13. Bxc4 Qd7 14. Qb3 Ne7 15.
O-O Nf5 16. Bb5 Bc6 17. Ba6 Rad8 18. Rac1 Nh4 19. f3 e5 20. dxe5 Rxe5 21. Rcd1
Qe8 22. e4 Rxd1 23. Qxd1 Re6 24. Qc2 Nh5 25. Qf2 Ng6 26. Bc4 Rf6 27. b5 Bb7 28.
Rd1 Ne5 29. Bf1 g5 30. Qd2 h6 31. Qd8 1-0

[Event "Mitropa Cup 23th"]
[Site "Zemplinska Sirava"]
[Date "2004.06.02"]
[Round "5.3"]
[White "Nemet, Ivan"]
[Black "Seel, Christian"]
[Result "0-1"]
[WhiteElo "2361"]
[BlackElo "2433"]
[PlyCount "76"]
[EventDate "2004.05.29"]
[EventType "team-tourn"]
[EventRounds "9"]
[EventCountry "SVK"]
[Source "ChessBase"]
[SourceDate "2004.07.06"]
[WhiteTeam "Switzerland"]
[BlackTeam "Germany"]
[WhiteTeamCountry "SUI"]
[BlackTeamCountry "GER"]

1. d4 Nf6 2. Nf3 g6 3. c4 Bg7 4. Nc3 d5 5. Qb3 dxc4 6. Qxc4 O-O 7. e4 Na6 8.
Bg5 c5 9. Bxf6 Bxf6 10. e5 cxd4 11. O-O-O Bg7 12. Rxd4 Qa5 13. Qb5 Qxb5 14.
Bxb5 Nc7 15. Bc4 Bf5 16. g4 Bh6+ 17. g5 Bg7 18. Bb3 Rac8 19. Kd2 Rfd8 20. Re1
Rxd4+ 21. Nxd4 Rd8 22. Ke3 Bxe5 23. Nxf5 gxf5 24. Kf3 Rd3+ 25. Kg2 Bxc3 26.
bxc3 e6 27. h4 Nd5 28. Bxd5 Rxd5 29. Rb1 b6 30. Rb4 Kg7 31. Rc4 Rc5 32. Ra4 a5
33. Rd4 Rxc3 34. h5 Ra3 35. Rd8 Rxa2 36. Kg3 h6 37. f4 hxg5 38. fxg5 Ra4 0-1

[Event "Mitropa Cup 23th"]
[Site "Zemplinska Sirava"]
[Date "2004.06.02"]
[Round "5.4"]
[White "Bindrich, Falko"]
[Black "Masserey, Yvan"]
[Result "1-0"]
[WhiteElo "2253"]
[BlackElo "2325"]
[PlyCount "107"]
[EventDate "2004.05.29"]
[EventType "team-tourn"]
[EventRounds "9"]
[EventCountry "SVK"]
[Source "ChessBase"]
[SourceDate "2004.07.06"]
[WhiteTeam "Germany"]
[BlackTeam "Switzerland"]
[WhiteTeamCountry "GER"]
[BlackTeamCountry "SUI"]

1. e4 c5 2. Nf3 e6 3. Nc3 a6 4. d4 cxd4 5. Nxd4 b5 6. Bd3 Bb7 7. O-O Nc6 8.
Nxc6 Bxc6 9. Re1 d6 10. a4 b4 11. Nd5 a5 12. c3 bxc3 13. Nxc3 Nf6 14. Bb5 Qd7
15. Bxc6 Qxc6 16. Bg5 Nd7 17. Rc1 Nc5 18. Nb5 h6 19. Be3 Be7 20. e5 dxe5 21.
Qc2 O-O 22. Bxc5 Rfc8 23. Re3 Bg5 24. Rc3 Bxc1 25. Na7 Qd7 26. Nxc8 Rxc8 27.
Qxc1 Rd8 28. h3 Qxa4 29. Kh2 Rd1 30. Qe3 e4 31. Ba3 f5 32. Qb6 Qd7 33. Rc7 Qd5
34. Rc5 Qd7 35. Qb8+ Kh7 36. Qe5 Rd5 37. Qb8 Rd2 38. Qg3 Qd4 39. Rc7 Rd3 40.
Qf4 Rf3 41. Qd6 Qxd6+ 42. Bxd6 Rxf2 43. Be5 Kg8 44. Rxg7+ Kf8 45. Ra7 f4 46.
Kg1 e3 47. Rxa5 f3 48. gxf3 Rxf3 49. Kg2 Rf2+ 50. Kg3 Kf7 51. Bc3 Re2 52. Ra1
Rc2 53. Re1 e2 54. Kf2 1-0

[Event "Mitropa Cup 23th"]
[Site "Zemplinska Sirava"]
[Date "2004.06.03"]
[Round "6.2"]
[White "Kuba, Guenter"]
[Black "Papa, Severin"]
[Result "0-1"]
[WhiteElo "2339"]
[BlackElo "2405"]
[PlyCount "74"]
[EventDate "2004.05.29"]
[EventType "team-tourn"]
[EventRounds "9"]
[EventCountry "SVK"]
[Source "ChessBase"]
[SourceDate "2004.07.06"]
[WhiteTeam "Austria"]
[BlackTeam "Switzerland"]
[WhiteTeamCountry "AUT"]
[BlackTeamCountry "SUI"]

1. e4 c5 2. Nf3 Nc6 3. Bb5 Nf6 4. Nc3 Qc7 5. O-O Nd4 6. Re1 a6 7. Bf1 Ng4 8. g3
Nxf3+ 9. Qxf3 Ne5 10. Qd1 e6 11. Bg2 d6 12. d3 Be7 13. Be3 O-O 14. f4 Nc6 15.
Ne2 Rd8 16. g4 d5 17. Ng3 dxe4 18. Bxe4 c4 19. Qf3 cxd3 20. cxd3 Bf6 21. Qf2
Bd4 22. Bxd4 Nxd4 23. Rec1 Qd6 24. Rc4 Rb8 25. Rac1 b5 26. Rc7 Bd7 27. Bb7 Be8
28. Bg2 b4 29. Kh1 Nb5 30. R7c4 Qxd3 31. Rxb4 Rbc8 32. Rxc8 Rxc8 33. Re4 Qd1+
34. Re1 Qxg4 35. h3 Qh4 36. Kh2 Nd6 37. Qd4 Qxg3+ 0-1

[Event "Mitropa Cup 23th"]
[Site "Zemplinska Sirava"]
[Date "2004.06.03"]
[Round "6.3"]
[White "Landenbergue, Claude"]
[Black "Ragger, Markus"]
[Result "1/2-1/2"]
[WhiteElo "2394"]
[BlackElo "2365"]
[PlyCount "101"]
[EventDate "2004.05.29"]
[EventType "team-tourn"]
[EventRounds "9"]
[EventCountry "SVK"]
[Source "ChessBase"]
[SourceDate "2004.07.06"]
[WhiteTeam "Switzerland"]
[BlackTeam "Austria"]
[WhiteTeamCountry "SUI"]
[BlackTeamCountry "AUT"]

1. Nf3 Nf6 2. c4 c6 3. d4 d5 4. Qc2 dxc4 5. Qxc4 b5 6. Qc2 Bb7 7. Bg5 Nbd7 8.
Nbd2 e6 9. e4 Qb6 10. a4 a6 11. Be2 h6 12. Bxf6 Nxf6 13. O-O Rc8 14. Rac1 Be7
15. Nb3 O-O 16. Nc5 Rfd8 17. Rfd1 Nd7 18. b4 Qc7 19. Qb1 Nxc5 20. bxc5 Rb8 21.
axb5 axb5 22. h4 Ra8 23. e5 Ba6 24. Qe4 b4 25. Bxa6 Rxa6 26. Nd2 Rb8 27. Nc4
Qa7 28. Rb1 Rb5 29. g3 Qd7 30. Nd6 Bxd6 31. exd6 b3 32. Qd3 Qb7 33. Ra1 Rxa1
34. Rxa1 b2 35. Rb1 Ra5 36. Qc3 Rb5 37. h5 Kf8 38. Kg2 Kg8 39. Qa3 Kh7 40. Qe3
Kg8 41. g4 Qa7 42. Qe5 Rb4 43. g5 hxg5 44. Qxg5 f6 45. Qg6 Qf7 46. Kg3 e5 47.
d5 Rb3+ 48. Kh2 Qd7 49. dxc6 Qh3+ 50. Kg1 Rc3 51. Qe8+ 1/2-1/2

[Event "Mitropa Cup 23th"]
[Site "Zemplinska Sirava"]
[Date "2004.06.03"]
[Round "6.4"]
[White "Pilaj, Herwig"]
[Black "Nemet, Ivan"]
[Result "0-1"]
[WhiteElo "2389"]
[BlackElo "2361"]
[PlyCount "114"]
[EventDate "2004.05.29"]
[EventType "team-tourn"]
[EventRounds "9"]
[EventCountry "SVK"]
[Source "ChessBase"]
[SourceDate "2004.07.06"]
[WhiteTeam "Austria"]
[BlackTeam "Switzerland"]
[WhiteTeamCountry "AUT"]
[BlackTeamCountry "SUI"]

1. e4 c5 2. c3 e6 3. d4 d5 4. e5 Bd7 5. Nf3 Qb6 6. a3 cxd4 7. cxd4 Bb5 8. Bxb5+
Qxb5 9. Nc3 Qa6 10. b4 Nd7 11. b5 Qb6 12. O-O Rc8 13. Bd2 Nh6 14. Rc1 Qd8 15.
Bg5 Be7 16. Bxh6 gxh6 17. a4 Nb6 18. Ne2 Nc4 19. Nd2 O-O 20. Rc3 Kh8 21. Qc1
Rg8 22. Nxc4 dxc4 23. Qxh6 Qd5 24. Rg3 c3 25. Qf4 f5 26. exf6 Bd6 27. Qh6 Bxg3
28. fxg3 Qg5 29. Qxg5 Rxg5 30. Nxc3 Rf5 31. Ne4 Rxf1+ 32. Kxf1 Kg8 33. Ng5 Rc4
34. Ke2 h6 35. Nxe6 Rxa4 36. Kd3 Kf7 37. Nd8+ Kxf6 38. Nxb7 Ra2 39. Ke4 Rxg2
40. Kd5 Rxh2 41. Kc6 Rc2+ 42. Nc5 Rc4 43. Kd5 Rb4 44. Ne4+ Kf5 45. Nd6+ Kg4 46.
Kc5 Rb3 47. Ne4 Re3 48. Kd5 Re1 49. Nd6 Rf1 50. Nc8 Rf7 51. Kc6 Rg7 52. d5 Kf5
53. d6 Ke6 54. Nxa7 Rxg3 55. Nc8 Rc3+ 56. Kb7 h5 57. b6 h4 0-1

[Event "Mitropa Cup 23th"]
[Site "Zemplinska Sirava"]
[Date "2004.06.03"]
[Round "6.1"]
[White "Manik, Mikulas"]
[Black "Jankovic, Alojzije"]
[Result "1-0"]
[WhiteElo "2491"]
[BlackElo "2444"]
[PlyCount "89"]
[EventDate "2004.05.29"]
[EventType "team-tourn"]
[EventRounds "9"]
[EventCountry "SVK"]
[Source "ChessBase"]
[SourceDate "2004.07.06"]
[WhiteTeam "Slovakia"]
[BlackTeam "Croatia"]
[WhiteTeamCountry "SVK"]
[BlackTeamCountry "CRO"]

1. e4 c5 2. Nf3 d6 3. d4 Nf6 4. Nc3 cxd4 5. Nxd4 Nc6 6. Bg5 e6 7. Qd2 h6 8.
Bxf6 gxf6 9. O-O-O a6 10. f4 Qb6 11. Nb3 Bd7 12. Be2 h5 13. Kb1 O-O-O 14. Bf3
Kb8 15. h4 Na5 16. Qe2 Nxb3 17. axb3 Qc5 18. f5 Bc6 19. Bxh5 Rd7 20. fxe6 fxe6
21. Be8 Rg7 22. Bxc6 Qxc6 23. Qf3 Rhg8 24. Qxf6 Qe8 25. Rd2 Rxg2 26. Rxg2 Rxg2
27. h5 Qe7 28. Qxe7 Bxe7 29. h6 Rg8 30. h7 Rh8 31. Ne2 e5 32. Nc3 Kc8 33. Nd5
Kd7 34. Rh6 Kd8 35. Nxe7 Kxe7 36. c4 Kf8 37. Kc2 Kg7 38. Rxd6 Rxh7 39. Rd7+ Kg6
40. Rxh7 Kxh7 41. c5 Kg6 42. Kd3 Kg5 43. Kc4 Kf4 44. Kd5 a5 45. b4 1-0

[Event "Mitropa Cup 23th"]
[Site "Zemplinska Sirava"]
[Date "2004.06.03"]
[Round "6.2"]
[White "Brkic, Ante"]
[Black "Mrva, Martin"]
[Result "1/2-1/2"]
[WhiteElo "2427"]
[BlackElo "2471"]
[PlyCount "150"]
[EventDate "2004.05.29"]
[EventType "team-tourn"]
[EventRounds "9"]
[EventCountry "SVK"]
[Source "ChessBase"]
[SourceDate "2004.07.06"]
[WhiteTeam "Croatia"]
[BlackTeam "Slovakia"]
[WhiteTeamCountry "CRO"]
[BlackTeamCountry "SVK"]

1. e4 c5 2. Nf3 Nc6 3. d4 cxd4 4. Nxd4 Nf6 5. Nc3 d6 6. Bg5 Qb6 7. Be3 Qa5 8.
Nb3 Qc7 9. f3 g6 10. Qd2 Bg7 11. O-O-O O-O 12. h4 Be6 13. h5 Nxh5 14. Bh6 Nf6
15. Bxg7 Kxg7 16. Qh6+ Kg8 17. g4 Rfc8 18. g5 Nh5 19. Rxh5 gxh5 20. Bd3 Nb4 21.
Nd4 Qc5 22. Nxe6 Qe3+ 23. Kb1 fxe6 24. Qxe6+ Kh8 25. Qxe7 Qf4 26. Nd5 Nc6 27.
Nxf4 Nxe7 28. Nxh5 Ng6 29. f4 Rf8 30. f5 Ne5 31. Rh1 Rac8 32. Nf4 Kg8 33. Nd5
Rf7 34. Be2 Rc5 35. f6 Kf8 36. b4 Rc8 37. Bf1 Rd8 38. Rh5 b6 39. Bh3 a6 40. Bf5
Kg8 41. Ne7+ Kf8 42. Be6 Rxe7 43. fxe7+ Kxe7 44. Bf5 Rh8 45. Kb2 Nf7 46. Kc3
Rg8 47. Bxh7 Rxg5 48. Rxg5 Nxg5 49. Bf5 Kd8 50. a4 Kc7 51. a5 b5 52. Kd3 Nf3
53. Be6 Ne5+ 54. Kc3 Nf3 55. Bd5 Ne5 56. Kb3 Nf3 57. c4 bxc4+ 58. Kxc4 Ne5+ 59.
Kc3 Nd7 60. Bc4 Kb7 61. Kd4 Nf6 62. Bd5+ Kc7 63. Kc4 Kb8 64. b5 axb5+ 65. Kxb5
Ka7 66. Bc6 Ng4 67. a6 Nf6 68. Bb7 Nd7 69. Kc4 Nf6 70. Kb5 Nd7 71. Bc8 Nf6 72.
Bf5 Ne8 73. Kc6 Kxa6 74. Bg6 Nf6 75. Kxd6 Nxe4+ 1/2-1/2

[Event "Mitropa Cup 23th"]
[Site "Zemplinska Sirava"]
[Date "2004.06.03"]
[Round "6.3"]
[White "Plachetka, Jan"]
[Black "Kuljasevic, Davorin"]
[Result "1/2-1/2"]
[WhiteElo "2448"]
[BlackElo "2408"]
[PlyCount "99"]
[EventDate "2004.05.29"]
[EventType "team-tourn"]
[EventRounds "9"]
[EventCountry "SVK"]
[Source "ChessBase"]
[SourceDate "2004.07.06"]
[WhiteTeam "Slovakia"]
[BlackTeam "Croatia"]
[WhiteTeamCountry "SVK"]
[BlackTeamCountry "CRO"]

1. c4 c5 2. Nf3 Nf6 3. Nc3 Nc6 4. g3 d5 5. cxd5 Nxd5 6. Bg2 Nc7 7. a3 g6 8. b4
Bg7 9. bxc5 Ne6 10. Bb2 Nxc5 11. O-O O-O 12. Na4 Bxb2 13. Nxb2 Be6 14. Rc1 Qa5
15. Nc4 Qa6 16. d3 Rfd8 17. Qd2 Nd4 18. Nxd4 Rxd4 19. Qg5 Rc8 20. Qxe7 Bxc4 21.
dxc4 Qe6 22. Qxe6 fxe6 23. f4 Rd2 24. Bf3 Rcd8 25. Rc3 b6 26. Kf2 Ra2 27. h4
Rdd2 28. Ke3 Na4 29. Rcc1 Rd6 30. Ra1 Rb2 31. Rfd1 Rb3+ 32. Rd3 Rdxd3+ 33. exd3
Nb2 34. Be4 Nxc4+ 35. Kd4 Rxa3 36. Rc1 Nd6 37. Ke5 Nxe4 38. dxe4 Rxg3 39. Kf6
h5 40. Rc8+ Kh7 41. Kxe6 Rg4 42. Rc7+ Kh6 43. Rf7 Rxh4 44. e5 Rh1 45. Rxa7 Rf1
46. Ra4 h4 47. f5 gxf5 48. Rxh4+ Kg5 49. Rb4 f4 50. Rxb6 1/2-1/2

[Event "Mitropa Cup 23th"]
[Site "Zemplinska Sirava"]
[Date "2004.06.03"]
[Round "6.1"]
[White "Babula, Vlastimil"]
[Black "Maze, Sebastien"]
[Result "1-0"]
[WhiteElo "2584"]
[BlackElo "2486"]
[PlyCount "139"]
[EventDate "2004.05.29"]
[EventType "team-tourn"]
[EventRounds "9"]
[EventCountry "SVK"]
[Source "ChessBase"]
[SourceDate "2004.07.06"]
[WhiteTeam "Czech Republic"]
[BlackTeam "France"]
[WhiteTeamCountry "CZE"]
[BlackTeamCountry "FRA"]

1. e4 e5 2. Nf3 d6 3. d4 Nf6 4. Nc3 exd4 5. Nxd4 Be7 6. g3 d5 7. e5 Ng4 8. e6
Nf6 9. exf7+ Kxf7 10. Bg2 c6 11. O-O Re8 12. Re1 Na6 13. Bf4 Nc7 14. Qd3 Ne6
15. Nxe6 Bxe6 16. Ne2 Bc5 17. Nd4 Bxd4 18. Qxd4 Bf5 19. c4 dxc4 20. Qxc4+ Be6
21. Qc2 Bd5 22. Rxe8 Qxe8 23. Bxd5+ cxd5 24. Rc1 Rd8 25. Be3 a6 26. Bd4 h6 27.
Qf5 Qd7 28. Qf3 Qe6 29. Bxf6 gxf6 30. Qf4 Kg6 31. Rd1 h5 32. Rd4 Re8 33. Qf3
Rd8 34. Kg2 Qf7 35. Qd1 Rd7 36. a4 Rd8 37. a5 Rd7 38. h3 Qe6 39. Qd3+ Qf5 40.
Qd1 Qe6 41. Kh2 Qe5 42. Qd2 Kg7 43. Qd3 Rd8 44. Kg2 Rd7 45. b3 Rd6 46. Kh2 Rd7
47. Rf4 Rd8 48. Rb4 Rd7 49. Rd4 Rd8 50. Rf4 Rd7 51. b4 Rc7 52. Rf5 Qe4 53. Qxd5
Qxd5 54. Rxd5 Kg6 55. Rd6 Kg5 56. h4+ Kf5 57. Rb6 Rd7 58. Kg2 Rc7 59. Kf3 Re7
60. Rd6 Re5 61. Rb6 Re7 62. Kg2 Rc7 63. f3 Rd7 64. Kf1 Rg7 65. Kf2 Re7 66. Kg2
Rc7 67. Kh3 Rc3 68. Kg2 Rc7 69. Kf2 Re7 70. b5 1-0

[Event "Mitropa Cup 23th"]
[Site "Zemplinska Sirava"]
[Date "2004.06.03"]
[Round "6.3"]
[White "Jirka, Jiri"]
[Black "Wirig, Anthony"]
[Result "0-1"]
[WhiteElo "2408"]
[BlackElo "2422"]
[PlyCount "130"]
[EventDate "2004.05.29"]
[EventType "team-tourn"]
[EventRounds "9"]
[EventCountry "SVK"]
[Source "ChessBase"]
[SourceDate "2004.07.06"]
[WhiteTeam "Czech Republic"]
[BlackTeam "France"]
[WhiteTeamCountry "CZE"]
[BlackTeamCountry "FRA"]

1. d4 d5 2. Nf3 Nf6 3. g3 e6 4. Bg2 b5 5. b3 Bb7 6. Ne5 Qc8 7. O-O c5 8. Qd3 c4
9. Qf3 Nc6 10. Nxc6 Qxc6 11. bxc4 Qxc4 12. Nd2 Qxd4 13. Rb1 b4 14. Nb3 Qe4 15.
Be3 Qxf3 16. Bxf3 Nd7 17. Na5 Ba6 18. Nc6 Bc4 19. Nxb4 Ne5 20. Bh5 Bxb4 21.
Rxb4 O-O 22. Bf4 Nc6 23. Rb7 g6 24. Bg4 Bxa2 25. c3 a5 26. e3 Bc4 27. Ra1 a4
28. Bd1 Na5 29. Rb4 Bb3 30. Bxb3 axb3 31. Bc7 Nc4 32. Rxa8 Rxa8 33. Rxb3 Rc8
34. Bf4 Kg7 35. g4 e5 36. Bg3 Kf6 37. h4 h5 38. gxh5 gxh5 39. Kg2 Kf5 40. Rb7
Nd6 41. Rb6 Ke6 42. Rb3 f6 43. f3 Ra8 44. Rb2 Nc4 45. Re2 Ra3 46. Be1 e4 47.
Kg3 Ke5 48. Kg2 Rb3 49. Kg3 Rb2 50. Rxb2 Nxb2 51. c4 Nxc4 52. Bc3+ Kf5 53.
fxe4+ Kxe4 54. Bxf6 Nxe3 55. Bd8 Nf5+ 56. Kf2 Nd4 57. Bf6 Nf3 58. Ke2 Kf5 59.
Bd8 Ne5 60. Ke3 d4+ 61. Ke2 Ke4 62. Bf6 Nc4 63. Bg5 d3+ 64. Ke1 Nd6 65. Kd2 Nf5
0-1